000 nam a22 7a 4500
999 _c9553
_d9553
008 180205b ||||| |||| 00| 0 eng d
100 _aBiswas, A
_92347
245 _aEnvironment education for all- VII
260 _aNew Delhi
_bArya Publication
_c2007